000
00319nam a22001457a 4500
003
OSt
005
20160727222359.0
008
160623b xxu||||| |||| 00| 0 eng d
040
_c
TEST
100
_9
642
_a
Mc Courtney, L,
245
_a
Betrayed
260
_a
Oregon
_b
Questar
_c
1996
300
_a
Betrayed
942
_2
ddc
_c
BK
999
_c
524
_d
524